000 01627cam a22004574i 4500
003 PE-LiUPU
005 20250731173442.0
008 150616s r 000 0 d
035 _a(Sirsi) a5745
040 _aPE-LiUPU
_bspa
_cPE-LiUPU
_erda
049 _aPRUA
082 0 4 _a226.5
_bB84
_221
100 1 _aBrown, Raymond E.,
_eautor.
245 1 3 _aEl evangelio según Juan :
_bI-XII.
_n1 /
_cRaymond E. Brown.
264 1 _aMadrid :
_bEdiciones Cristiandad,
_c1979.
300 _a758 páginas ;
_c24 cm.
336 _atext
_2rdacontent
337 _aunmediated
_2rdamedia
338 _avolume
_2rdacarrier
505 0 _aEstado actual de los estudios juánicos.- La tradición subyacente al cuarto Evangelio.- Supuestas influencias en el pensamiento religioso del cuarto Evangelio.- destinatarios e intención del cuarto Evangelio.
526 _aSEG42
526 _aSEG41
526 _aSEG40
526 _aSEG39
526 _aP94
526 _aP87
526 _aP86
526 _aP85
526 _aP77
526 _aP76
526 _aP35
630 _aBiblia.
_pN.T.
_pJuan 1-7
_xComentarios.
650 0 4 _a
910 _ajck
_bjvq
_cjck
942 _2ddc
_cBOOK
949 _a226.5 B84 1
_wDEWEY
_c1
_i39308
_lCCODEBUL1
_mBUL
_p00.00
_r0
_sY
_tBOOK
_u19951004
_xTEOLOGIA
_zUNKNOWN
_0COMPRA
_o.STAFF. Colección General
994 _aC0
_bPEPRU
596 _a1
999 _a226.5 B84 1
_wDEWEY
_c56807
_i39308
_d56807
_f2021-11-9
_g5
_lCCODEBUL1
_mBUL
_q1
_r0
_sY
_tBOOK
_u2015-6-16
_xTEOLOGIA
_zUNKNOWN
_0COMPRA
_o.STAFF. Colección General
980 _81
_gALBERTO SANCHEZ Responsable de Automatización